000 00782nam a2200181Ia 4500
008 100921s9999 xx 000 0 und d
082 _b4497
_a320 थ 49
100 _aफाटक नरहर रघुनाथ.
245 _aभारतीय राष्ट्रवादाचा विकास.
260 _bसुलभ राष्ट्रीय ग्रंथमाला,पुणे.
_c1949
300 _a220
_b---
365 _b4.5
520 _aस.शा.राज्यशास्त्र.
630 _aभारतीय राष्ट्रवादाचा विकास.
650 _aस.शा.राज्यशास्त्र.
730 _aभारतीय राष्ट्रवादाचा विकास.
942 _cBOOK
999 _c753610
_d753607